000 00492nam a2200169 a 4500
005 20140412111411.0
008 070215s19uu xx 00 eng d
020 _a0-743-49009-6
050 _aTR(PS E
_bGi1 2002
100 _aCronin, Doreen
245 _aGiggle, giggle,quack /
_cDoreen Cronin.
260 _aLondon :
_bPocket books,
_c2002.
520 _aFrom the creators of click, Clack Moo: Cows that type
650 _aDucks-Fiction
650 _aChildren stories
999 _c105702
_d105702